| 000 | 00905cad a22002055a 4500 | ||
|---|---|---|---|
| 001 | E150219 | ||
| 008 | 100614s2010 xxk f 000 0 eng d | ||
| 035 | _a(Sirsi) u150219 | ||
| 041 | 0 | _aeng | |
| 110 | 2 |
_aConstruction Industry Council _92417 |
|
| 245 | 0 | 0 |
_aBuilding the future _bhow women professionals can make a difference _h[electronic resource] |
| 260 |
_aLondon _bCIC _c2010 |
||
| 520 | _aLooks at the issues related to an increasingly diverse employment marketplace, and offers advice on creating a fair working environment. Includes case studies of firms who have been successful in this regard. | ||
| 590 | _aKA | ||
| 651 | 4 |
_aUnited Kingdom _y |
|
| 690 | _aMANAGEMENT-BUSINESS MANAGEMENT-HUMAN RESOURCE MANAGEMENT | ||
| 710 | 1 |
_aConstructionSkills _95077 |
|
| 856 | 4 | 0 |
_uhttps://www.cic.org.uk/activities/BuildingtheFuture.pdf _zView the report free of charge at www.cic.org.uk |
| 942 | _n0 | ||
| 999 |
_c110794 _d110794 |
||